000 00690nam a2200289Ia 4500
005 20260324141349.0
008 008 260324s9999 xx 000 0 eng d
020 _a9780203211106
037 _aEBOOK
040 _aCRL
040 _beng
040 _cCRL
041 _2eng
041 _aeng
084 _qCRL
100 _aShulamith Shahar
_91193552
245 0 _aGrowing Old in the Middle Ages
245 0 _b'Winter Clothes Us in Shadow and Pain'
260 _bTaylor and Francis
260 _c1997
365 _a
365 _b220
856 _uhttp://www.taylorfrancis.com/books/9780203211106
942 _cEBOOK
999 _c1810928
_d1810928